| 000 | 00587nam a22001937a 4500 | ||
|---|---|---|---|
| 003 | BUBTL | ||
| 008 | 170529b xxu||||| |||| 00| 0 eng d | ||
| 020 | _a978-93-80308-07-4 | ||
| 082 | _a687BRG | ||
| 100 |
_91238 _aBrookshire,Jung E.Ha |
||
| 245 | _aGlobal Sourcing in the Textile and Apparel Industry | ||
| 260 |
_aIndia _bWoodhead Publishing India Pvt.Ltd. _cc2011 |
||
| 300 |
_a[x],199p. _bills. _c21cm. |
||
| 650 | 0 |
_9909 _aTextile Engineering |
|
| 700 |
_91239 _aBrookshire,Jung E.Ha |
||
| 856 |
_k0 _l0 _yDownload |
||
| 942 |
_2ddc _cBK |
||
| 999 |
_c5470 _d5470 |
||